| 000 | 00815nam a2200217Ii 4500 | ||
|---|---|---|---|
| 003 | JO-AjNU | ||
| 008 | 230605s9999||||xx |||||||||||||| ||und|| | ||
| 017 | _a2008/7/2514 | ||
| 040 |
_aJO-AjNU _bara _erda _cJO-AjNU |
||
| 041 | _aara | ||
| 050 | 1 | 4 | _aHF5679.R3638 2009 |
| 100 | 3 |
_aالراوي، حكمت احمد, _eauthor _929206 |
|
| 245 | 0 | 0 | _aتطبيقات محاسبية على الحاسوب |
| 250 | _aط1 | ||
| 264 | 3 | 1 | _aعمان: دار المستقبل للنشر والتوزيع، 2009 |
| 300 |
_a342ص _bيحتوي على تعاريف ومصطلحات علمية في الحاسوب وببلوغرافية من ص305-342ص |
||
| 336 |
_atext _btxt _2rdacontent |
||
| 337 |
_aunmediated _bn _2rdamedia |
||
| 338 |
_avolume _bnc _2rdacarrier |
||
| 650 | 4 |
_aالمحاسبة - الحاسوب _929207 |
|
| 999 |
_aA11424 _c14992 _d14992 |
||